[Event "La Mancha-ch"]
[Site "Valverde de Jucar"]
[Date "2017.07.09"]
[Round "6.9"]
[White "Galindo Montoya, Diego"]
[Black "Fernandez Munoz, Jose Luis"]
[Result "1-0"]
[WhiteElo "1919"]
[BlackElo "1732"]
[PlyCount "46"]
[EventDate "2017.07.06"]
[EventType "swiss"]
[EventRounds "6"]
[EventCountry "ESP"]
[SourceTitle "EXT 2024"]
[Source "ChessBase"]
[SourceDate "2023.10.10"]
[SourceVersion "1"]
[SourceVersionDate "2023.10.10"]
[SourceQuality "1"]

1. c4 e5 2. Nc3 Bb4 3. Nd5 Bc5 4. g3 Nf6 5. Bg2 c6 6. Nxf6+ Qxf6 7. e3 0-0 8. Ne2 d6 9. d4 exd4 10. Nxd4 Bxd4 11. Qxd4 Qxd4 12. exd4 Re8+ 13. Be3 Bf5 14. 0-0 Bd3 15. Rfc1 Nd7 16. Bf4 Re2 17. Bf1 Rxb2 18. Bxd3 Nf6 19. Rcb1 Rxb1+ 20. Rxb1 b6 21. Bxd6 Rd8 22. c5 Nd5 23. Bc4 b5 1-0